| Tag |
First Indicator |
Second Indicator |
Subfields |
| LEADER |
00000cas a2200000 a 4500 |
| 001 |
in00000940468 |
| 005 |
20190207095200.0 |
| 008 |
750817d18721963iludr ne 0 0eng d |
| 010 |
|
|
|a sn 84031492
|
| 035 |
|
|
|a (OCoLC)01554151
|
| 035 |
|
|
|a 1799100006
|b PITT
|
| 040 |
|
|
|a MUL
|c MUL
|d IUL
|d NYG
|d NPX
|d NPI
|d NPU
|d NPA
|d NPT
|d MUL
|d YOX
|d NJW
|d DLC
|d NPA
|d NPH
|d MFN
|d YOX
|d CRL
|d NVF
|d KNP
|d MGN
|d NVF
|d CNW
|d NVF
|d CRL
|d CNK
|d FUG
|d NVF
|d NVK
|d OBN
|d CVF
|d DLC
|d TXA
|d UtOrBLW
|
| 042 |
|
|
|a lcd
|
| 043 |
|
|
|a n-us-il
|
| 049 |
|
|
|a TXAM
|
| 050 |
0 |
0 |
|a Newspaper
|
| 090 |
|
|
|a F381
|b .T42
|
| 130 |
0 |
|
|a Chicago daily tribune (Chicago, Ill. : 1872)
|
| 245 |
1 |
0 |
|a Chicago daily tribune.
|
| 246 |
1 |
|
|i Published as:
|a Chicago tribune
|f Mar. 18, 1886-July 18, 1890
|
| 246 |
1 |
|
|i Sunday issues called:
|a Chicago Sunday tribune
|f July 27,1890-1963
|
| 264 |
|
1 |
|a Chicago, Ill. :
|b Tribune Co.,
|c 1872-1963.
|
| 300 |
|
|
|a 97 volumes :
|b illustrations ;
|c 75 cm.
|
| 310 |
|
|
|a Daily
|
| 336 |
|
|
|a text
|b txt
|2 rdacontent
|
| 337 |
|
|
|a unmediated
|b n
|2 rdamedia
|
| 338 |
|
|
|a volume
|b nc
|2 rdacarrier
|
| 362 |
0 |
|
|a Vol. 26, no. 52 (Oct. 9, 1872)-v. 122, no. 41 (Feb. 16, 1963).
|
| 500 |
|
|
|a The Cushing Library/Chapman Texas Collection copy is part of the Floyd & Louise Chapman Texas & Borderlands Collection.
|5 TXA
|
| 500 |
|
|
|a The Cushing Library/Metzger Collection copy (July 8, 1934) is incomplete--comprises the graphic section only.
|
| 500 |
|
|
|a "Oceanic edition" published for the S.S. President Harding and the S.S. Leviathan.
|
| 500 |
|
|
|a Issue for June 10, 1947 is the Centennial edition.
|
| 500 |
|
|
|a Also available on 35 mm. microfilm.
|
| 580 |
|
|
|a Weekly ed.: Chicago weekly tribune (Chicago, Ill. : 1873), <1873-1881>.
|
| 580 |
|
|
|a Triweekly ed. also available, <Jan. 1874->, title not certain.
|
| 651 |
|
0 |
|a Chicago (Ill.)
|v Newspapers.
|
| 651 |
|
0 |
|a Cook County (Ill.)
|v Newspapers.
|
| 752 |
|
|
|a United States
|b Illinois
|c Cook
|d Chicago.
|
| 775 |
1 |
|
|t Chicago weekly tribune (Chicago, Ill. : 1873)
|w (DLC)sn 93056016
|w (OCoLC)29503298
|
| 780 |
0 |
0 |
|t Chicago tribune (Chicago, Ill. : 1864)
|
| 785 |
0 |
0 |
|t Chicago tribune (Chicago, Ill. : 1963)
|
| 994 |
|
|
|a E0
|b TXA
|
| 999 |
|
|
|a MARS
|
| 999 |
f |
f |
|s 43b4dffb-5d05-3452-8563-d4270fb5735c
|i 5e9ac602-0c4b-3e89-a0af-f4a0d434c8fc
|t 0
|
| 952 |
f |
f |
|p noncirc
|a Texas A&M University
|b College Station
|c Cushing Memorial Library & Archives
|d Cushing: Metzger (Does not check out)
|t 0
|e F381 .T42
|h Library of Congress classification
|i unmediated -- volume
|
| 952 |
f |
f |
|p noncirc
|a Texas A&M University
|b College Station
|c Cushing Memorial Library & Archives
|d Cushing: Chapman Texas Collection (Does not check out)
|t 0
|e F381 .T42
|h Library of Congress classification
|i unmediated -- volume
|
| 998 |
f |
f |
|a F381 .T42
|s v.26:no.333 (1873:July 19)
|t 0
|l Cushing: Chapman Texas Collection (Does not check out)
|
| 998 |
f |
f |
|a F381 .T42
|s v.93:no.27 (1934:July 8)
|t 0
|l Cushing: Metzger (Does not check out)
|